Republic... or Kingdom? (Middle East) - Statistics

General Stats
  • This quiz has been taken 76 times
  • The average score is 13 of 15
Answer Stats
Question Answer % Correct
Saudi Arabia Kingdom
100%
United Arab Emirates Kingdom
100%
Lebanon Republic
100%
Iraq Republic
100%
Turkey Republic
100%
Syria Republic
100%
Oman Kingdom
88%
Yemen Republic
88%
Israel Republic
88%
Cyprus Republic
88%
Kuwait Kingdom
75%
Qatar Kingdom
75%
Jordan Kingdom
75%
Bahrain Kingdom
75%
Iran Republic
75%
No matching quizzes found
Score Distribution
Percent of People with Each Score
Percentile by Number Answered
Your Score History
You have not taken this quiz